000 00305nam a22001337a 4500
008 181022b xxu||||| |||| 00| 0 eng d
020 _a9780071398763
041 _aeng
080 _a330
100 _a59
101 _aBUS
245 _aBusiness Statistics Crash.Course
_cKazmier.L.J
942 _2udc
_cBK
999 _c50345
_d50345